• 首页
  • 本馆介绍
  • 公告通知
  • 最新文献
  • 馆藏检索
  • 电子资源
  • 读者导购
  • 参考咨询
  • 我的图书馆
  • 登录
  • 详细信息显示
  • 放入我的书架
  • 预约/预借图书
  • 作者相关作品
  • 分类相关作品
  • 丛书相关作品
  • 出版社相关作品

书目信息

  • 表格格式
  • 工作单格式
  • 卡片格式
题名:
文化与自我
    
 
作者: 朱滢 著
分册:  
出版信息: 北京   北京师范大学出版社  2007
页数: 367页
开本: 24cm
丛书名: 当代中国心理学家文库
单 册:
中图分类: B017.9
科图分类:
主题词: 自我--研究 , 自我
电子资源:
ISBN: 978-7-303-08377-0
000 00847oam2 2200265 45
001 1029812261
005 20100428141436.31
010    @a978-7-303-08377-0@dCNY38.00
100    @a20100419e20082007em y0chiy0120 ea
101 0  @achi
102    @aCN@b110000
105    @aa z 000yy
106    @ar
200 1  @a文化与自我@AWen Hua Yu Zi Wo@f朱滢著@FZhu Ying Zhu
210    @a北京@c北京师范大学出版社@d2007@h2008
215    @a367页@c图@d24cm
225 2  @a当代中国心理学家文库@i朱滢卷
330    @a本书收集了作者2O00年以后撰写的文章。分为:哲学的自我;关于自我的心理学研究;我们对自我进行神经科学研究的结果等六个专题。
462  0 @12001 @a当代中国心理学家文库@i朱滢卷
606 0  @a自我@x研究
606 0  @a自我
690    @aB017.9@v4
701  0 @a朱滢@AZhu Ying@4著
801  0 @aCN@bTANGWEI@c20100428
905    @b0592555-59@dB017.9@e256@f5
    
    文化与自我/朱滢著.-北京:北京师范大学出版社,2007(2008)
    367页:图;24cm.-(当代中国心理学家文库.朱滢卷)
    
    
    ISBN 978-7-303-08377-0:CNY38.00
    本书收集了作者2O00年以后撰写的文章。分为:哲学的自我;关于自我的心理学研究;我们对自我进行神经科学研究的结果等六个专题。
●
相关链接 在E读中查询图书 在五车中查询图书 在当当中查询图书 在豆瓣中查询图书


正题名:文化与自我     索取号:B017.9/256         预约/预借

序号 登录号 条形码 馆藏地/架位号 状态 备注
1 0592555   205925551   第一样本阅览室/ [索取号:B017.9/256] 在馆    
2 0592556   205925560   第一借阅区/ [索取号:B017.9/256] 在馆    
3 0592557   205925579   第一借阅区/ [索取号:B017.9/256] 在馆    
4 0592558   205925588   教育系资料室/ [索取号:B017.9/256] 在馆    
5 0592559   205925597   教育系资料室/ [索取号:B017.9/256] 在馆    
唐山师范学院图书馆 欢迎您!
大连网信软件有限公司© 版权所有